|
|
|
|
| LEADER |
03449nam a22004935i 4500 |
| 001 |
978-3-642-32833-6 |
| 003 |
DE-He213 |
| 005 |
20151204152203.0 |
| 007 |
cr nn 008mamaa |
| 008 |
120829s2012 gw | s |||| 0|eng d |
| 020 |
|
|
|a 9783642328336
|9 978-3-642-32833-6
|
| 024 |
7 |
|
|a 10.1007/978-3-642-32833-6
|2 doi
|
| 040 |
|
|
|d GrThAP
|
| 050 |
|
4 |
|a QD410-412.5
|
| 072 |
|
7 |
|a PNND
|2 bicssc
|
| 072 |
|
7 |
|a SCI013040
|2 bisacsh
|
| 082 |
0 |
4 |
|a 547.05
|2 23
|
| 245 |
1 |
0 |
|a Organometallics as Catalysts in the Fine Chemical Industry
|h [electronic resource] /
|c edited by Matthias Beller, Hans-Ulrich Blaser.
|
| 264 |
|
1 |
|a Berlin, Heidelberg :
|b Springer Berlin Heidelberg :
|b Imprint: Springer,
|c 2012.
|
| 300 |
|
|
|a XII, 156 p.
|b online resource.
|
| 336 |
|
|
|a text
|b txt
|2 rdacontent
|
| 337 |
|
|
|a computer
|b c
|2 rdamedia
|
| 338 |
|
|
|a online resource
|b cr
|2 rdacarrier
|
| 347 |
|
|
|a text file
|b PDF
|2 rda
|
| 490 |
1 |
|
|a Topics in Organometallic Chemistry,
|x 1436-6002 ;
|v 42
|
| 505 |
0 |
|
|a Johannes G. de Vries: Pd-catalyzed coupling reactions -- Gregory T. Whiteker and Christopher J. Cobley: Applications of Rhodium-Catalyzed Hydroformylation in the Pharmaceutical, Agrochemical and Fragrance Industries -- Philippe Dupau: Ruthenium-catalyzed Selective Hydrogenation for Flavor and Fragrance Applications -- Hans-Ulrich Blaser, Benoît Pugin and Felix Spindler: Asymmetric Hydrogenation -- Ioannis Houpis: Case Study: Sequential Pd-catalyzed Cross-Coupling Reactions; Challenges on Scale-up -- Adriano F. Indolese: Pilot Plant Scale Synthesis of an Aryl-Indole - Scale up of a Suzuki Coupling -- Per Ryberg: Development of a Mild and Robust Method for Palladium Catalysed Cyanation on Large Scale -- Cheng-yi Chen: Application of Ring Closing Metathesis Strategy to the Synthesis of Vaniprevir (MK-7009), a 20-Membered Macrocyclic HCV Protease Inhibitor.
|
| 520 |
|
|
|a Johannes G. de Vries: Pd-catalyzed coupling reactions.- Gregory T. Whiteker and Christopher J. Cobley: Applications of Rhodium-Catalyzed Hydroformylation in the Pharmaceutical, Agrochemical and Fragrance Industries.- Philippe Dupau: Ruthenium-catalyzed Selective Hydrogenation for Flavor and Fragrance Applications.- Hans-Ulrich Blaser, Benoît Pugin and Felix Spindler: Asymmetric Hydrogenation.- Ioannis Houpis: Case Study: Sequential Pd-catalyzed Cross-Coupling Reactions; Challenges on Scale-up.- Adriano F. Indolese: Pilot Plant Scale Synthesis of an Aryl-Indole - Scale up of a Suzuki Coupling.- Per Ryberg: Development of a Mild and Robust Method for Palladium Catalysed Cyanation on Large Scale.- Cheng-yi Chen: Application of Ring Closing Metathesis Strategy to the Synthesis of Vaniprevir (MK-7009), a 20-Membered Macrocyclic HCV Protease Inhibitor.
|
| 650 |
|
0 |
|a Chemistry.
|
| 650 |
|
0 |
|a Organometallic chemistry.
|
| 650 |
|
0 |
|a Chemical engineering.
|
| 650 |
|
0 |
|a Catalysis.
|
| 650 |
1 |
4 |
|a Chemistry.
|
| 650 |
2 |
4 |
|a Organometallic Chemistry.
|
| 650 |
2 |
4 |
|a Catalysis.
|
| 650 |
2 |
4 |
|a Industrial Chemistry/Chemical Engineering.
|
| 700 |
1 |
|
|a Beller, Matthias.
|e editor.
|
| 700 |
1 |
|
|a Blaser, Hans-Ulrich.
|e editor.
|
| 710 |
2 |
|
|a SpringerLink (Online service)
|
| 773 |
0 |
|
|t Springer eBooks
|
| 776 |
0 |
8 |
|i Printed edition:
|z 9783642328329
|
| 830 |
|
0 |
|a Topics in Organometallic Chemistry,
|x 1436-6002 ;
|v 42
|
| 856 |
4 |
0 |
|u http://dx.doi.org/10.1007/978-3-642-32833-6
|z Full Text via HEAL-Link
|
| 912 |
|
|
|a ZDB-2-CMS
|
| 950 |
|
|
|a Chemistry and Materials Science (Springer-11644)
|